000 00721nam a2200205Ia 4500
003 GCL
008 140319s9999 xx 000 0 ara d
040 _aGCL /
_cGCL
082 0 4 _aط
_b031
_bش ك
100 1 _aالشركة الشرقية للمطبوعات
245 1 0 _aكتاب المعرفة : الشعوب والسكان :
_bتاريخ وحضارة /
_cالشركة الشرقية للمطبوعات
260 _aالقاهرة :
_bالشركة الشرقية للمطبوعات
300 _a160 ص ؛
_c30 سم
490 _aكتاب المعرفة
_v0
650 0 4 _aالسلالات البشرية
650 0 4 _aالسكان
650 0 4 _aالاجناس
650 0 4 _aالسلالات
942 _2ddc
_cBK
999 _c48069
_d48069